000 00616nam a2200205Ia 4500
003 GCL
008 140319s9999 xx 000 0 ara d
040 _aGCL /
_cGCL
082 0 4 _a791.43
_bب س
100 1 _aبراج، مونى
245 1 0 _aالسينما العربية /
_cبراج، مونى
700 1 _aليفى، جاك
700 1 _aمى التلمسانى
260 _a[S.N] :
_bالهيئة المصرية العامة للكتاب ،
_c1994
300 _a312
490 _aالالف كتاب
_v0
650 0 4 _aالسينما
650 0 4 _aالانتاج السينمائى
942 _2ddc
_cBK
999 _c30041
_d30041